Living dimensions (Record no. 49398)

MARC details
000 -LEADER
fixed length control field 00492nam a2200145 a 4500
008 - FIXED-LENGTH DATA ELEMENTS--GENERAL INFORMATION
fixed length control field 120416s1964 ||||||||||||||||| || u
050 ## - LIBRARY OF CONGRESS CALL NUMBER
Classification number NA 1995 Car
100 ## - MAIN ENTRY--PERSONAL NAME
Personal name Carter, T. W. O
245 10 - TITLE STATEMENT
Title Living dimensions
246 ## - VARYING FORM OF TITLE
Title proper/short title the work of an architect
260 ## - PUBLICATION, DISTRIBUTION, ETC.
Place of publication, distribution, etc. Reading
Name of publisher, distributor, etc. Educational Explorers
Date of publication, distribution, etc. 1964
300 ## - PHYSICAL DESCRIPTION
Extent 140p.
350 ## - PRICE (NR) (BK AM CF MU VM SE) [OBSOLETE]
Price 0.00
995 ## - RECOMMENDATION 995 [LOCAL, UNIMARC FRANCE]
-- 0.00
-- CBU-MAIN LIBRARY (Kitwe)
-- 1
-- 1.85
-- 1
-- DAMAGED
-- Main Library Open Access Collection
Holdings
Withdrawn status Lost status Source of classification or shelving scheme Damaged status Not for loan Home library Current library Shelving location Date acquired Total Checkouts Full call number Barcode Date last seen Price effective from Koha item type
          CBU-MAIN LIBRARY, KITWE. CBU-MAIN LIBRARY, KITWE.   11/30/2022   NA 1995 Car 010147 11/30/2022 11/30/2022 MONOGRAPH